Tajomstvo komická opera v 3 dejstvách na slová E. Krasnohorskej : hudbu složil Bedrich Smetana : Slovenské národné divadlo

Bibliographic Details
Corporate Author: Slovenské národné divadlo. Opera (Author)
Format: Book
Language:Slovak
PhysicalDescription:1 list (2 strany) ; 25 cm
Published: [Bratislava] Slovenské národné divadlo, [1934?]
Subjects:

MARC

LEADER 00000cam a2200000 a 4500
001 vtls011858169
003 SK-MaSNL
005 20260425224027.0
008 210624s1934 xo gr 000|0 slo
035 |a BU3873000000105572 
035 |a urn:nbn:sk:snk-am3he2z 
035 |a DA9D7236-6F3C-4CC1-9B3C-F536C87BC78A 
035 |a urn:nbn:sk:snk-am00crnc 
040 |a SNK  |b slo  |c SNK  |e AACR2 
041 0 |a slo 
044 |a xo  |c SK 
072 7 |a 792  |x Divadlo. Divadelné predstavenia  |2 konspekt 
080 |a (083.97)  |2 2011 
080 |a 792.54  |2 2011 
110 2 |a Slovenské národné divadlo.  |b Opera  |4 aut  |9 65024 
245 1 0 |a Tajomstvo  |b komická opera v 3 dejstvách na slová E. Krasnohorskej : hudbu složil Bedrich Smetana : Slovenské národné divadlo 
260 |a [Bratislava]  |b Slovenské národné divadlo,  |c [1934?] 
300 |a 1 list (2 strany) ;  |c 25 cm 
500 |a Divadelný program nie je premiérový bulletin 
500 |a Obsahuje informáciu o deji 
500 |a Program je výstrižok 
600 1 7 |a Smetana, Bedřich,  |d 1824-1884  |t Tajomstvo  |2 SNK  |9 125567 
600 1 7 |a Krásnohorská, Eliška,  |d 1847-1926  |t Tajomstvo  |2 SNK  |9 357424 
610 2 7 |a Slovenské národné divadlo.  |b Opera  |2 SNKKA  |9 65024 
648 7 |a 6.9.1930  |2 SNKPH  |9 357425 
648 7 |a 1930-1931  |2 SNKPH  |9 357423 
650 0 7 |a opery  |2 SNKPH  |9 3214 
651 7 |a Bratislava (Slovensko)  |2 SNKPHgeo  |9 14568 
655 7 |a bulletiny  |2 SNKPH  |9 70453 
655 7 |a divadelné programy  |2 SNKPH  |9 70302 
999 |c 602129  |d 604059 
952 |a SNK  |b SNK  |y NEVYP  |7 0  |p 3873B0000292  |o BU 8717/A PP  |0 0  |1 0  |4 0  |d 2019-03-26  |f 1  |l 0  |r 2019-03-26 00:00:00  |w 2026-02-23